Statistics for NFL 2021 - Top 50 Recieving Leaders

Click here to take the quiz!

General Stats

  • This quiz has been taken 264 times
  • The average score is 35 of 50

Answer Stats

HintAnswer% Correct
LARCooper Kupp
100%
KCTyreek Hill
100%
GBDavante Adams
99%
MINJustin Jefferson
98%
BUFStefon Diggs
97%
TENAJ Brown
96%
BALMarquise Brown
96%
TBMike Evans
95%
LACKeenan Allen
94%
KCTravis Kelce
91%
TBChris Godwin
90%
CINJamarr Chase
89%
MIAJaylen Waddle
88%
DETAmon-Ra St. Brown
87%
PITDiontae Johnson
87%
CARDJ Moore
85%
SEADK Metcalf
84%
DALCeedee Lamb
83%
BALMark Andrews
82%
SFDeebo Samuel
79%
SEATyler Lockett
77%
PHIDevonta Smith
75%
LACMike Williams
75%
CINTee Higgins
75%
LVHunter Renfrow
74%
INDMichael Pittman
74%
HOUBrandin Cooks
73%
DALAmari Cooper
72%
WSHTerry McLaurin
71%
MINAdam Thielen
70%
JAXMarvin Jones
67%
CINTyler Boyd
67%
SFGeorge Kittle
66%
ARIChristian Kirk
64%
CHIDarnell Mooney
60%
NEJakobi Meyers
52%
DETTJ Hockenson
52%
ARIZach Ertz
52%
ATLKyle Pitts
51%
BUFCole Beasley
49%
DALDalton Schultz
43%
LARTyler Higbee
41%
MIAMike Gesicki
39%
LACAustin Ekeler
36%
PITNajee Harris
36%
DENNoah Fant
32%
TBLeonard Fournette
29%
ATLRussel Gage
28%
DETD'Andre Swift
27%
JAXLaviska Shenault
19%

Score Distribution

Percentile by Number Answered

Percent of People with Each Score

Your Score History

You have not taken this quiz